| 000 | 00596nam a2200193 i 4500 | ||
|---|---|---|---|
| 001 | 30038 | ||
| 003 | ES-MaACL | ||
| 005 | 20231215062945.0 | ||
| 007 | t| | ||
| 008 | 030123s1977 sp ||||1| spa d | ||
| 100 | 1 |
_aBarrie, J.M. _925970 |
|
| 245 | 1 | 0 |
_aPeter Pan / _cJ.M. Barrie ; traducción Carmen Bravo-Villasante ; ilustra Miguel Calatayud. |
| 260 |
_a[Madrid] : _bDoncel, _c[1977] |
||
| 300 |
_a206 p. : _bil. ; _c25 cm. |
||
| 700 | 1 |
_aBravo-Villasante, Carmen, _d1918-1994 _931507 |
|
| 700 | 1 |
_aCalatayud, Miguel. _933535 |
|
| 852 |
_aES-MaACL _jA-8193 _bR.97385 |
||
| 999 |
_c30038 _d30038 |
||